000 00435nam a2200181Ia 4500
001 24790
005 20260414151107.0
008 260414t2004||||xx |||||||||||||| ||spa||
041 _aESP
082 _a346
_bA36 T. 3
100 _aAlbaladejo, Manuel,
_eAUT
245 0 _aDerecho civil :
_bderecho de bienes
260 _c2004
300 _a971 páginas :
_c24 cm.
650 _aDER
654 _aCDE
942 _cLIB
_dJUS
_fJUS
_2ddc
_n
999 _c24790
_d24790